000 01589cam a22003614a 4500
001 13393651
003 OSt
005 20231004153515.0
008 031104s2004 nyua b 001 0 eng
010 _a 2003024286
020 _a0374528551
040 _aDLC
_cDLC
_dDLC
041 1 _aeng
_aspa
_hspa
042 _apcc
050 0 0 _aPQ6613.A763
_bA225 2004
082 0 0 _a861.62
_bGAR/S
100 1 _aGarcía Lorca, Federico,
_d1898-1936
_99660
240 1 0 _aPoems.
_kSelections.
_lEnglish & Spanish
245 1 0 _aSelected verse /
_cFederico García Lorca ; edited and with an introduction and notes by Christopher Maurer ; translated by Catherine Brown ... [et al.].
250 _aRev. bilingual ed.
260 _aNew York :
_bFarrar, Straus and Giroux,
_c2004.
300 _axxii, 405 p. :
_bill. ;
_c24 cm.
504 _aIncludes bibliographical references (p. [387]-396) and indexes.
600 1 0 _aGarcía Lorca, Federico,
_d1898-1936
_vTranslations into English.
700 1 _aMaurer, Christopher.
700 1 _aBrown, Catherine,
_d1959-
856 4 2 _3Contributor biographical information
_uhttp://www.loc.gov/catdir/bios/hol052/2003024286.html
856 4 2 _3Publisher description
_uhttp://www.loc.gov/catdir/description/hol041/2003024286.html
856 4 1 _3Table of contents
_uhttp://www.loc.gov/catdir/toc/ecip0411/2003024286.html
906 _a7
_bcbc
_corignew
_d1
_eecip
_f20
_gy-gencatlg
942 _2ddc
_cBK
_h861.62
_iGAR/S
_k861.62
_mGAR/S
999 _c42517
_d42517